Guia de tràmits i incentius per a la creació d'empreses [Recurs electrònic] / Diputació de Barcelona. Xarxa de Municipis. Àrea de Promoció Econòmica i Ocupació
Descripción Física:
1 disc òptic (CD-ROM) ; 12 cm
MARC
| LEADER | 00000nmm a2200000Ia 4500 | ||
|---|---|---|---|
| 001 | 18187 | ||
| 007 | co aa aaaaa | ||
| 008 | 160829s2005 xx 000 0 cat d | ||
| 080 | |a CD-1-56 | ||
| 110 | 1 | |a Barcelona (Catalunya : Província). |b Àrea de Promoció Econòmica i Ocupació |9 17540 | |
| 245 | |a Guia de tràmits i incentius per a la creació d'empreses [Recurs electrònic] / Diputació de Barcelona. Xarxa de Municipis. Àrea de Promoció Econòmica i Ocupació | ||
| 260 | |a Barcelona: |b Diputació , |c 2005 | ||
| 300 | |a 1 disc òptic (CD-ROM) ; |c 12 cm | ||
| 590 | |a Cal fer instal·lació al disc dur | ||
| 590 | |a Requeriments mínims: Windows 95, o superior | ||
| 650 | 0 | |a Empreses |x Creació |9 32813 | |
| 655 | 0 | |9 54985 |a CD-ROMs | |
| 901 | |a Arxiu | ||
| 942 | |n 1 |2 udc | ||
| 952 | |0 0 |1 0 |4 0 |6 CD156 |7 1 |9 42480 |a Arxiu |b Arxiu |d 2016-12-01 |l 0 |o CD-1-56 |p 18187 |r 2016-12-01 00:00:00 |w 2016-12-01 |y ARXIU | ||
| 999 | |c 44985 |d 44985 | ||